000 00615nam a22002297a 4500
003 UA-OsUOA
001 88473
007 ta
008 20121005b un ||||| |||| 00| 0 ukr d
100 _aЯнсон А.
090 _a821.161.2
_bЯ65
942 _cBK
040 _aUA-OsUOA
_bukr
_cUA-OsUOA
_dUA-OsUOA
245 _aНа войну уходил я
_bроманы
300 _a543 с.
955 _a3
041 _aukr
080 _a821.161.2
260 _aМ.
_bСоветский писатель
_c1975
650 7 _a82 Література. Літературознавство
_2UDC
999 _c374300
_d374300